О преобразовании Электро-Технического Института (Запись № 12185882)

Подробности
000 -МАРКЕР
контрольное поле 02156nam0a2200349 4500
001 - ИДЕНТИФИКАТОР ЗАПИСИ
контрольное поле RU\NLR\BIBL_A\012160149
005 - ИДЕНТИФИКАТОР ВЕРСИИ
контрольное поле 20260406101932.0
035 ## - ДРУГИЕ СИСТЕМНЫЕ НОМЕРА
Идентификатор записи (NLR Aleph) 012160149
100 ## - ДАННЫЕ ОБЩЕЙ ОБРАБОТКИ
Данные общей обработки 20191210d1898 |||y0rusy50 ca
101 0# - ЯЗЫК РЕСУРСА
Язык текста, звукозаписи и т.д. русский
102 ## - СТРАНА ПУБЛИКАЦИИ ИЛИ ПРОИЗВОДСТВА
Страна публикации российская федерация
105 ## - ПОЛЕ КОДИРОВАННЫХ ДАННЫХ: ТЕКСТОВЫЕ МАТЕРИАЛЫ, МОНОГРАФИЧЕСКИЕ
Кодированные данные о монографическом текстовом документе y z 000zy
200 1# - ЗАГЛАВИЕ И СВЕДЕНИЯ ОБ ОТВЕТСТВЕННОСТИ
Основное заглавие О преобразовании Электро-Технического Института
Сведения, относящиеся к заглавию в Государственный Совет
Первые сведения об ответственности Министерство Внутренних Дел. Главное Управление Почт и Телеграфов. Отделение VII. Стол 1. 15 марта 1898. № 246
210 ## - ПУБЛИКАЦИЯ, РАСПРОСТРАНЕНИЕ И ДР.
Место издания, распространения и т.д. [С.-Петербург
Имя издателя, распространителя и т. д. б. и.]
Дата издания, распространения и т.д. 1898
215 ## - ФИЗИЧЕСКАЯ ХАРАКТЕРИСТИКА
Специфическое обозначение материала и объем 71 с.
Размеры 34
300 ## - ОБЩИЕ ПРИМЕЧАНИЯ
Текст примечания В конце текстов: Подписал: Министр Внутренних Дел И. Горемыкин; Скрепил: Начальник Главного Управления почт и телеграфов Генерального Штаба, Генерал-Лейтенант Петров
309 ## - ПРИМЕЧАНИЯ ОБ ОСНОВНОМ ИСТОЧНИКЕ ИНФОРМАЦИИ И ОБ ОСОБЕННОСТЯХ ПОЛИГРАФИЧЕСКОГО ОФОРМЛЕНИЯ ИЗДАНИЯ
Текст примечания Без тит. л. и обл.
327 1# - ПРИМЕЧАНИЯ О СОДЕРЖАНИИ
Текст примечания В документе также: Положение об Электротехническом Институте: проект
517 1# - ДРУГИЕ ВАРИАНТЫ ЗАГЛАВИЯ
Вариант заглавия Положение об Электротехническом Институте: проект
601 02 - НАИМЕНОВАНИЕ ОРГАНИЗАЦИИ КАК ПРЕДМЕТ
Начальный элемент ввода Электротехнический институт
Идентифицирующий признак Петербург, город
Системный номер авторитетной/нормативной записи 2440806
Идентификатор авторитетной/нормативной записи RU\NLR\AUTH\6601669906
606 1# - НАИМЕНОВАНИЕ ТЕМЫ КАК ПРЕДМЕТ
Наименование темы Инженеры-электрики
Тематический подзаголовок Подготовка
Системный номер авторитетной/нормативной записи 1831285
Идентификатор авторитетной/нормативной записи RU\NLR\AUTH\66828060
686 3# - ИНДЕКСЫ ДРУГИХ КЛАССИФИКАЦИЙ
Индекс Ч488.751.4(28)7-Петербургский
686 3# - ИНДЕКСЫ ДРУГИХ КЛАССИФИКАЦИЙ
Индекс Ч488.751
702 #1 - ИМЯ ЛИЦА - ВТОРИЧНАЯ ОТВЕТСТВЕННОСТЬ
Код отношения Подписавшее лицо
Материалы, к которым относится поле rus
Графика поля Кириллица
Начальный элемент ввода Горемыкин
Часть имени, кроме начального элемента ввода И. Л.
Дополнения к именам, кроме дат гос. деятель
Даты 1839-1917
Расширение инициалов личного имени Иван Логгинович
Идентификатор авторитетной/нормативной записи RU\NLR\AUTH\7782675
Системный номер авторитетной/нормативной записи 65603
702 #1 - ИМЯ ЛИЦА - ВТОРИЧНАЯ ОТВЕТСТВЕННОСТЬ
Код отношения Подписавшее лицо
Графика поля Кириллица
Материалы, к которым относится поле rus
Начальный элемент ввода Петров
Часть имени, кроме начального элемента ввода Н. И.
Дополнения к именам, кроме дат гос. и воен. деятель
Даты 1841-1905
Расширение инициалов личного имени Николай Иванович
Системный номер авторитетной/нормативной записи 216870
Идентификатор авторитетной/нормативной записи RU\NLR\AUTH\770216926
852 ## - МЕСТОНАХОЖДЕНИЕ И ШИФР ХРАНЕНИЯ
Идентификатор организации NLR
Шифр хранения (Call Number) 135/294-329(19)
942 ## - ДОПОЛНИТЕЛЬНЫЕ ЭЛЕМЕНТЫ ЗАПИСИ (АБИС)
Тип экземпляра АБИС Книга
980 ## - КОЛЛЕКЦИЯ
Название коллекции Национальная библиография

Нет доступных экземпляров.